01019 2200433 4500001002100000005001500021035002000036007000300056008004100059020001600100082000800116084001900124100001100143245003300154260002700187300001900214990001600233990001600249990001600265990001600281990001600297990001600313990001600329990001600345990001600361990001600377990001600393990001600409990001600425990001600441990001600457990001600473990001600489990001600505990001600521990001600537990001600553990001600569INLIS00000000000076420210630085326 a0010-0621000229ta210630 g 0 ind  a91-85-001-0 a330 a330 ALA e.c.220 aAlam S1 aEkonomi untuk SMA/MA Kelas X aJakarta :bESIS,c2017 a390 ;c25,5 cm a2017/p/2048 a2017/p/2049 a2017/p/2050 a2017/p/2051 a2017/p/2052 a2017/p/2053 a2017/p/2054 a2017/p/2055 a2017/p/2056 a2017/p/2057 a2017/p/2058 a2017/p/2059 a2017/p/2060 a2017/p/2061 a2017/p/2062 a2017/p/2063 a2017/p/2064 a2017/p/2065 a2017/p/2066 a2017/p/2067 a2017/p/2068 a2017/p/2069